[Event "35. DSenEM 50+"]
[Site "Bad Wildungen"]
[Date "2023.07.18"]
[Round "2.2"]
[White "Goeldenboog, Juergen"]
[Black "Metz, Hartmut"]
[Result "0-1"]
[WhiteElo "1984"]
[BlackElo "2175"]
[PlyCount "102"]
[EventDate "2023.??.??"]
[WhiteTeam "Schachverein Horst-Emscher 31"]
[BlackTeam "SG Rochade Kuppenheim 1979 e.V."]

1. d4 Nf6 2. c4 e5 3. dxe5 Ng4 4. Bf4 Nc6 5. Nf3 Bc5 6. e3 Qe7 7. Be2 Ngxe5 8. O-O Nxf3+ 9. Bxf3 Ne5 10. Bxe5 Qxe5 11. Nc3 c6 12. Ne4 Be7 13. Qd4 Qxd4 14. exd4 f5 15. Ng3 d6 16. Rfe1 Kf7 17. d5 c5 18. Nh5 g6 19. Nf4 Bd7 20. h3 Bf6 21. Rab1 Rae8 22. Kf1 b6 23. Nd3 Rxe1+ 24. Rxe1 Rb8 25. b3 a6 26. Nf4 Bc3 27. Rd1 b5 28. Be2 Kf6 29. Bd3 Be5 30. Ne2 f4 31. Ng1 h6 32. Nf3 Bc3 33. Rc1 b4 34. Rc2 g5 35. Nd2 Bxd2 36. Rxd2 f3 37. Be4 fxg2+ 38. Kxg2 Re8 39. Bf3 Re5 40. Bg4 Be8 41. Kg3 Re1 42. Kf3 a5 43. a4 Bg6 44. Rb2 Rb1 45. Re2 Rxb3+ 46. Kg2 Bf7 47. Be6 Ra3 48. Bxf7 Kxf7 49. Re6 Rxa4 50. Rxd6 b3 51. Rf6+ Kxf6 0-1

[Event "35. DSenEM 50+"]
[Site "Bad Wildungen"]
[Date "2023.07.18"]
[Round "2.3"]
[White "Syre, Christian"]
[Black "Roettinger, Eugen"]
[Result "1/2-1/2"]
[WhiteElo "2169"]
[BlackElo "1965"]
[PlyCount "102"]
[EventDate "2023.??.??"]
[WhiteTeam "SC Kreuzberg e.V."]
[BlackTeam "TG Biberach 1847 e.V."]

1. e4 c6 2. d4 d5 3. exd5 cxd5 4. Bd3 Nc6 5. c3 e5 6. dxe5 Nxe5 7. Qe2 Qe7 8. Bc2 Bg4 9. f3 Bd7 10. Be3 Nc4 11. Bc1 Nf6 12. Qxe7+ Bxe7 13. Ne2 Bc5 14. Nd4 O-O 15. b3 Rfe8+ 16. Kd1 Ne3+ 17. Bxe3 Rxe3 18. Kd2 Rae8 19. Bd3 Nh5 20. Be4 Bxd4 21. cxd4 R3xe4 22. fxe4 Rxe4 23. Nc3 Rxd4+ 24. Ke3 Rg4 25. Nxd5 Rxg2 26. Rag1 Rxa2 27. Rg5 g6 28. Rxh5 gxh5 29. Nf6+ Kg7 30. Nxd7 Ra3 31. Rb1 Ra2 32. h4 f6 33. Kf3 Rd2 34. Nc5 b6 35. Ne6+ Kg6 36. Nf4+ Kf5 37. Nxh5 Rd3+ 38. Kg2 Kg4 39. Nxf6+ Kxh4 40. Nxh7 Kg4 41. Kf2 Kf4 42. Ke2 Rh3 43. Nf6 Ke5 44. Ng4+ Kd4 45. Nf2 Re3+ 46. Kd2 Rf3 47. Nd1 Rh3 48. Rb2 b5 49. Kc2 a5 50. Ra2 a4 51. bxa4 Rh2+ 1/2-1/2

[Event "35. DSenEM 50+"]
[Site "Bad Wildungen"]
[Date "2023.07.18"]
[Round "2.4"]
[White "Lindam, Ingo"]
[Black "Koschetzki, Christian"]
[Result "1/2-1/2"]
[WhiteElo "2136"]
[BlackElo "1950"]
[Annotator "hugo5"]
[PlyCount "49"]
[EventDate "2023.??.??"]
[WhiteTeam "Schachclub Hilchenbach"]
[BlackTeam "SVG Salzgitter e.V."]

1. d4 Nf6 2. Bg5 d5 3. Nd2 c5 4. dxc5 e6 5. e4 h6 6. Bh4 g5 7. Bg3 Bxc5 8. h4 Rg8 9. hxg5 hxg5 10. Bb5+ Bd7 11. Bxd7+ Qxd7 12. Qf3 Nxe4 13. Nxe4 dxe4 14. Qxe4 Qc6 15. Qh7 Rf8 16. Nf3 Bb4+ 17. Kf1 Nd7 18. c3 Be7 19. Qd3 O-O-O 20. Nd4 Qd5 21. Qb5 Nb6 22. Re1 Qxb5+ 23. Nxb5 Rd2 24. Nxa7+ Kd7 25. Nb5 {(=)} 1/2-1/2

[Event "35. DSenEM 50+"]
[Site "Bad Wildungen"]
[Date "2023.07.18"]
[Round "2.5"]
[White "Stern, Geoffrey"]
[Black "Willsch, Matthias"]
[Result "0-1"]
[WhiteElo "1959"]
[BlackElo "2097"]
[PlyCount "78"]
[EventDate "2023.??.??"]
[WhiteTeam "Gambit Bonnevoie"]
[BlackTeam "Preetzer TSV"]

1. d4 d5 2. Nc3 Nf6 3. Bf4 e6 4. Nb5 Na6 5. e3 Be7 6. Nf3 O-O 7. Be2 Nh5 8. Bg3 c6 9. Nc3 b6 10. Ne5 Nxg3 11. hxg3 Qc7 12. Bd3 g6 13. Qg4 f5 14. Qh3 Bf6 15. Nxc6 Rf7 16. Bxa6 Bxa6 17. Nb4 Qc4 18. Nd3 Rc8 19. g4 fxg4 20. Qxg4 e5 21. Qe6 Rc6 22. Qxd5 exd4 23. Qxc4 Rxc4 24. exd4 Bxd4 25. O-O-O Bxc3 26. bxc3 Rxc3 27. f3 Rfc7 28. Nb4 Bc4 29. Kb2 Be6 30. Rd3 R3c5 31. c3 Bc4 32. Re3 Rd7 33. Rc1 a5 34. Nc2 Rd2 35. g4 Bd3 36. a4 b5 37. Ree1 bxa4 38. Red1 Rb5+ 39. Ka3 Rxd1 0-1

[Event "35. DSenEM 50+"]
[Site "Bad Wildungen"]
[Date "2023.07.18"]
[Round "2.6"]
[White "Fabig, Holger"]
[Black "von Kiedrowski, Klemens"]
[Result "1/2-1/2"]
[WhiteElo "1928"]
[BlackElo "2069"]
[Annotator "hugo5"]
[PlyCount "45"]
[EventDate "2023.??.??"]
[WhiteTeam "SK Marmstorf GW Harburg"]
[BlackTeam "SAbt TG 1949 Wehlheiden"]

1. e4 e6 2. d4 d5 3. Nd2 c5 4. exd5 exd5 5. Ngf3 Nc6 6. dxc5 Bxc5 7. Nb3 Bb6 8. Bg5 Nge7 9. c3 f6 10. Bh4 Nf5 11. Bg3 O-O 12. Be2 Re8 13. O-O Nxg3 14. hxg3 Bg4 15. Re1 Qd6 16. Nbd4 Rad8 17. Qd2 Bxf3 18. Bxf3 Nxd4 19. cxd4 f5 20. Rxe8+ Rxe8 21. Re1 Rxe1+ 22. Qxe1 Kf7 23. Qe3 {(=)} 1/2-1/2

[Event "35. DSenEM 50+"]
[Site "Bad Wildungen"]
[Date "2023.07.18"]
[Round "2.7"]
[White "Fink, Wolfgang"]
[Black "Balzer, Lars"]
[Result "1/2-1/2"]
[WhiteElo "1770"]
[BlackElo "2016"]
[Annotator "hugo5"]
[PlyCount "39"]
[EventDate "2023.??.??"]
[WhiteTeam "Fit, Step by Step e.V."]
[BlackTeam "OSG Baden-Baden"]

1. f4 d6 2. Nf3 Bg4 3. e3 e5 4. h3 Be6 5. e4 Be7 6. f5 Bh4+ 7. Ke2 Bc4+ 8. d3 Ba6 9. Nc3 c6 10. Nxh4 Qxh4 11. Qe1 Qd8 12. Qg3 g6 13. fxg6 hxg6 14. Be3 Nd7 15. Kd2 Ne7 16. Rd1 Qc7 17. d4 Bxf1 18. Rhxf1 f6 19. Kc1 O-O-O 20. Qf2 {(=)} 1/2-1/2

[Event "35. DSenEM 50+"]
[Site "Bad Wildungen"]
[Date "2023.07.18"]
[Round "2.8"]
[White "Schneider, Michael"]
[Black "Papenfuss, Kai"]
[Result "1-0"]
[WhiteElo "2025"]
[BlackElo "1726"]
[PlyCount "71"]
[EventDate "2023.??.??"]
[WhiteTeam "SC Niefern-Oeschelbronn"]
[BlackTeam "SV Bad Bevensen"]

1. Nf3 d5 2. g3 c6 3. Bg2 Nf6 4. O-O h6 5. c4 Bf5 6. b3 e6 7. Bb2 Be7 8. d3 Nbd7 9. Nbd2 O-O 10. h3 b5 11. Nd4 Qb6 12. Nxf5 exf5 13. cxb5 Qxb5 14. Nf3 c5 15. Ne5 Rad8 16. Qc2 Rfe8 17. Rfe1 d4 18. Nc6 Qb6 19. Nxd8 Bxd8 20. Bc1 Nh5 21. Qd1 Qg6 22. e4 f4 23. gxf4 Bc7 24. f5 Qd6 25. Qxh5 Qh2+ 26. Kf1 Ba5 27. Rd1 Nf6 28. Qh4 Bc7 29. Bd2 Kh7 30. f4 Bd8 31. Qf2 Nh5 32. Be1 Bc7 33. Bf3 Qxh3+ 34. Qg2 Nxf4 35. Qxh3 Nxh3 36. Rac1 1-0

[Event "35. DSenEM 50+"]
[Site "Bad Wildungen"]
[Date "2023.07.18"]
[Round "2.9"]
[White "Zude, Arno"]
[Black "Herold, Hansjoerg"]
[Result "1-0"]
[WhiteElo "2348"]
[BlackElo "1836"]
[PlyCount "161"]
[EventDate "2023.??.??"]
[WhiteTeam "SV 1920 Hofheim"]
[BlackTeam "SV 23 Boeckingen"]

1. e4 e5 2. Nf3 Nc6 3. Bc4 Nf6 4. d3 Bc5 5. c3 a6 6. O-O O-O 7. Re1 d6 8. a4 a5 9. h3 Qe7 10. d4 exd4 11. cxd4 Bb4 12. Nc3 h6 13. e5 dxe5 14. d5 Qc5 15. dxc6 Qxc4 16. Nxe5 Qh4 17. Qf3 bxc6 18. Nxc6 Bxc3 19. bxc3 Be6 20. Qf4 Qxf4 21. Bxf4 Nd5 22. Bd2 Nb6 23. Be3 Nc4 24. Bc5 Rfe8 25. Red1 Ra6 26. Nd4 Bc8 27. Nb5 Rc6 28. Bd4 Bb7 29. g4 Re7 30. Kh2 Rd7 31. Na7 Re6 32. Bc5 Rxd1 33. Rxd1 Re5 34. Bd4 Rd5 35. Rb1 Ba6 36. Nc6 Nd2 37. Ne7+ Kh7 38. Nxd5 Nxb1 39. Nxc7 Bc4 40. Na8 Nd2 41. Bb6 Bb3 42. Bxa5 Bxa4 43. Nb6 Bb3 44. Bb4 Kg6 45. Nd7 Kg5 46. Bc5 Ne4 47. Be3+ Kg6 48. c4 Ba4 49. Nb8 Nd6 50. c5 Nc8 51. c6 h5 52. Kg3 hxg4 53. hxg4 f6 54. c7 Bb5 55. Bc5 Kf7 56. Kf4 Ke6 57. g5 fxg5+ 58. Kxg5 Bd3 59. Be3 Bc2 60. Nc6 Kd7 61. Nd4 Bd3 62. Bf4 Ne7 63. Nb3 Bb1 64. Nc5+ Kc8 65. Ne6 Nd5 66. Bg3 Bc2 67. Bd6 Ba4 68. Kg6 Bd7 69. Kf7 g5 70. Nc5 Bc6 71. Ne6 Bd7 72. Bg3 g4 73. Be5 Bc6 74. Bh2 Bd7 75. Bg3 Bc6 76. Kg6 Bd7 77. Kf5 Nb4 78. Ke5 Nd3+ 79. Kd6 Nxf2 80. Nc5 Nh1 81. Nxd7 1-0

[Event "35. DSenEM 50+"]
[Site "Bad Wildungen"]
[Date "2023.07.18"]
[Round "2.10"]
[White "Bigott, Martin"]
[Black "Schatz, Christian"]
[Result "0-1"]
[WhiteElo "1768"]
[BlackElo "2168"]
[PlyCount "62"]
[EventDate "2023.??.??"]
[WhiteTeam "Schachklub Koeln-Suedwest"]
[BlackTeam "SC Postbauer-Heng e.V."]

1. d4 Nf6 2. Bg5 Ne4 3. Bh4 d5 4. Nd2 Nxd2 5. Qxd2 c6 6. e3 Bf5 7. Bd3 Bxd3 8. Qxd3 Nd7 9. Nf3 Qa5+ 10. c3 e6 11. O-O Bd6 12. Rfe1 O-O 13. b4 Qb5 14. Qc2 a5 15. a3 f5 16. Rab1 axb4 17. axb4 b6 18. Bg3 Bxg3 19. hxg3 Ra3 20. Qb2 Rfa8 21. Ra1 R3a4 22. Rxa4 Qxa4 23. Rc1 Qa2 24. Qxa2 Rxa2 25. Kf1 Nf6 26. Ne1 Ne4 27. Rc2 Rxc2 28. Nxc2 Nxc3 29. f3 Kf7 30. Ke1 Ke7 31. Kd2 Na2 0-1

[Event "35. DSenEM 50+"]
[Site "Bad Wildungen"]
[Date "2023.07.18"]
[Round "2.11"]
[White "Baer, Marco"]
[Black "Dreke, Frank"]
[Result "1-0"]
[WhiteElo "2079"]
[BlackElo "1944"]
[PlyCount "49"]
[EventDate "2023.??.??"]
[WhiteTeam "Schachclub Bayer Leverkusen e.V."]
[BlackTeam "SV Mattnetz Berlin e.V."]

1. e4 Nf6 2. Nc3 d5 3. e5 Nfd7 4. e6 fxe6 5. d4 c5 6. Nf3 Nc6 7. Bb5 Qc7 8. dxc5 g6 9. Be3 Bg7 10. h4 Qa5 11. Bxc6 bxc6 12. O-O Qc7 13. Qd2 e5 14. Bh6 O-O 15. Bxg7 Kxg7 16. b4 e4 17. Nh2 Ne5 18. Qd4 Ba6 19. b5 Bxb5 20. Nxb5 cxb5 21. f4 exf3 22. Nxf3 Rxf3 23. Rxf3 Kg8 24. Qxd5+ Kg7 25. Qxa8 1-0

[Event "35. DSenEM 50+"]
[Site "Bad Wildungen"]
[Date "2023.07.18"]
[Round "2.12"]
[White "Kozlov, Oleksandr"]
[Black "Jahn, Peter"]
[Result "1/2-1/2"]
[WhiteElo "1850"]
[BlackElo "2077"]
[PlyCount "76"]
[EventDate "2023.??.??"]
[BlackTeam "Husumer SV von 1898"]

1. e4 e6 2. d4 d5 3. Nd2 c5 4. dxc5 Bxc5 5. Nb3 Bb6 6. exd5 exd5 7. Nf3 Nf6 8. Be2 O-O 9. O-O Qd6 10. c3 Nc6 11. Nbd4 Bg4 12. Be3 Ne4 13. Nb5 Qd8 14. Bxb6 Qxb6 15. Rb1 Bxf3 16. gxf3 Nf6 17. Qd2 Rfe8 18. Rfe1 Rad8 19. Rbd1 Ne5 20. Nd4 a6 21. Kh1 Qc7 22. Bd3 Nxd3 23. Qxd3 Qf4 24. Qf5 Qh4 25. Rg1 Kh8 26. Qg5 Qxg5 27. Rxg5 g6 28. Rgg1 Nh5 29. Rge1 Nf4 30. Re3 Kg7 31. Kg1 f6 32. Kf1 Kf7 33. Ne2 Nxe2 34. Kxe2 Re5 35. f4 Rf5 36. Rd4 Re8 37. Kf3 Rc8 38. Kg3 Rc6 1/2-1/2

[Event "35. DSenEM 50+"]
[Site "Bad Wildungen"]
[Date "2023.07.18"]
[Round "2.13"]
[White "Schell, Franz Juergen"]
[Black "Kopischke, Maik"]
[Result "1/2-1/2"]
[WhiteElo "2069"]
[BlackElo "1800"]
[Annotator "hugo5"]
[PlyCount "80"]
[EventDate "2023.??.??"]
[WhiteTeam "Bramfelder SK 1947 e.V."]
[BlackTeam "SG Weissensee 49 e.V."]

1. c4 e5 2. g3 d6 3. Bg2 Nc6 4. Nc3 Be6 5. Nd5 Nge7 6. e3 Qd7 7. Ne2 Nd8 8. d4 exd4 9. Nxd4 Bg4 10. Nxc7+ Qxc7 11. Qxg4 Qxc4 12. Bd2 Rc8 13. Rc1 Qxc1+ 14. Bxc1 Rxc1+ 15. Ke2 Rc7 16. Nb5 Rd7 17. Nxa7 g6 18. Rc1 Bg7 19. Qa4 Ne6 20. Bxb7 Nc5 21. Qb5 Nxb7 22. Rc7 Nc5 23. b4 Nd5 24. Qb8+ Ke7 25. Nc8+ Rxc8 26. Rxc8 Ne6 27. Re8+ Kf6 28. Kf3 Ndc7 29. Rc8 g5 30. g4 d5 31. Qb6 Ke7 32. a4 d4 33. exd4 Bxd4 34. Qc6 Be5 35. Qe4 Bf6 36. b5 Rd4 37. Rxc7+ Kf8 38. Qxh7 Rf4+ 39. Ke3 Nxc7 40. Qc2 Nd5+ {(=)} 1/2-1/2

[Event "35. DSenEM 50+"]
[Site "Bad Wildungen"]
[Date "2023.07.18"]
[Round "2.14"]
[White "Cmiel, Thorsten"]
[Black "Schneider, Birgit"]
[Result "1/2-1/2"]
[WhiteElo "2038"]
[BlackElo "1829"]
[PlyCount "66"]
[EventDate "2023.??.??"]
[WhiteTeam "Koelner Schachklub Dr.Lasker 186"]
[BlackTeam "SC Niefern-Oeschelbronn"]

1. e4 c5 2. Nf3 Nc6 3. Bb5 g6 4. O-O Bg7 5. Re1 e5 6. Bxc6 dxc6 7. h3 Qc7 8. d3 Nf6 9. Be3 b6 10. Nbd2 O-O 11. a3 a5 12. Nc4 Nd7 13. a4 Re8 14. c3 Ba6 15. b3 Rad8 16. Qc2 Nf8 17. Rad1 Ne6 18. Bc1 Rd7 19. g3 Red8 20. Kg2 f6 21. Rf1 Qb7 22. h4 h5 23. Nh2 Bxc4 24. bxc4 b5 25. f4 bxc4 26. f5 Nf8 27. dxc4 gxf5 28. exf5 Rxd1 29. Rxd1 Rxd1 30. Qxd1 Qf7 31. Qd3 Qd7 32. Qf3 Qf7 33. Qd3 Qd7 1/2-1/2

[Event "35. DSenEM 50+"]
[Site "Bad Wildungen"]
[Date "2023.07.18"]
[Round "2.15"]
[White "Domnick, Michael"]
[Black "Noldt, Torsten"]
[Result "1/2-1/2"]
[WhiteElo "1742"]
[BlackElo "1989"]
[PlyCount "72"]
[EventDate "2023.??.??"]
[WhiteTeam "Turnverein Witzhelden 1884 e. V."]
[BlackTeam "Elmshorner SC von 1896"]

1. d4 g6 2. Nf3 Bg7 3. g3 c5 4. dxc5 Qa5+ 5. c3 Qxc5 6. Bg2 Nf6 7. Be3 Qc7 8. Na3 Ng4 9. Bd2 a6 10. h3 Nf6 11. Qb3 d5 12. Bf4 Qa5 13. O-O O-O 14. c4 Nbd7 15. cxd5 Qxd5 16. Qb4 Qc5 17. Qb3 e5 18. Be3 Qe7 19. Rac1 Rb8 20. Rc7 Qd6 21. Rcc1 b5 22. Rfd1 Qe6 23. Qc2 Bb7 24. Ng5 Qe7 25. Bxb7 Rxb7 26. Qc6 Rfb8 27. Qxa6 h6 28. Nf3 g5 29. Rc8+ Kh7 30. Rxb8 Nxb8 31. Qd6 e4 32. Qxe7 Rxe7 33. Nd4 b4 34. Nab5 Rd7 35. Rc1 Nd5 36. Rc2 Be5 1/2-1/2

[Event "35. DSenEM 50+"]
[Site "Bad Wildungen"]
[Date "2023.07.18"]
[Round "2.16"]
[White "Heck, Norbert"]
[Black "Bauer, Werner"]
[Result "1-0"]
[WhiteElo "2199"]
[BlackElo "1813"]
[PlyCount "65"]
[EventDate "2023.??.??"]
[WhiteTeam "SF Neuberg"]
[BlackTeam "SV Weiss-Blau Allianz Muenchen"]

1. Nf3 f5 2. d4 Nf6 3. g3 g6 4. Bg2 Bg7 5. O-O O-O 6. c3 e6 7. Nbd2 Nc6 8. Qb3 b6 9. Ne5 Na5 10. Qc2 Bb7 11. Bxb7 Nxb7 12. e4 d6 13. Nef3 fxe4 14. Nxe4 c5 15. Bg5 Qd7 16. Rfe1 cxd4 17. Nxd4 e5 18. Qb3+ Qf7 19. Bxf6 Qxb3 20. axb3 Bxf6 21. Nb5 Be7 22. Nc7 Rac8 23. Nd5 Bd8 24. Rxa7 Nc5 25. Nxd6 Rc6 26. Nc4 Nd3 27. Re2 Nc1 28. Rxe5 Nxb3 29. Ne7+ Bxe7 30. Rexe7 Rfc8 31. Rg7+ Kf8 32. Raf7+ Ke8 33. Ne5 1-0

[Event "35. DSenEM 50+"]
[Site "Bad Wildungen"]
[Date "2023.07.18"]
[Round "2.17"]
[White "Gerks, Joachim"]
[Black "Fiedler, Wolfgang"]
[Result "1/2-1/2"]
[WhiteElo "1765"]
[BlackElo "1981"]
[Annotator "hugo5"]
[PlyCount "78"]
[EventDate "2023.??.??"]
[WhiteTeam "SK Norderstedt von 1975"]
[BlackTeam "SC Schwarz-Weiss Nuernberg Sued"]

1. e4 g6 2. d4 Bg7 3. c3 d6 4. h3 Nc6 5. Nf3 e5 6. dxe5 dxe5 7. Qxd8+ Nxd8 8. Bc4 Be6 9. Nbd2 f6 10. O-O {(=)} Nh6 11. Re1 Nhf7 12. Bxe6 Nxe6 13. Nc4 O-O-O 14. Be3 b6 15. Rad1 Kb7 16. Kf1 Rhe8 17. Ke2 Bf8 18. Rxd8 Rxd8 19. Rd1 Bc5 20. Rxd8 Nfxd8 21. Nfd2 b5 22. Bxc5 Nxc5 23. Ne3 Nd7 24. Nb3 c6 25. f3 Ne6 26. g3 Kb6 27. h4 a5 28. a3 Ka6 29. Kd1 Nb6 30. Kc2 Nc8 31. Kd1 a4 32. Nc1 Nd6 33. Nd3 Kb6 34. Kd2 Nc5 35. Nxc5 Kxc5 36. Kd3 h5 37. g4 Nf7 38. gxh5 gxh5 39. Nf5 Nh8 1/2-1/2

[Event "35. DSenEM 50+"]
[Site "Bad Wildungen"]
[Date "2023.07.18"]
[Round "2.18"]
[White "Warnk, Torsten"]
[Black "Porth, Hartmut"]
[Result "0-1"]
[WhiteElo "1733"]
[BlackElo "1954"]
[PlyCount "80"]
[EventDate "2023.??.??"]
[WhiteTeam "Sges Bensheim 1931"]
[BlackTeam "SV Bargteheide"]

1. d4 d5 2. Nf3 Nc6 3. Bf4 Bg4 4. e3 e6 5. Be2 Bd6 6. Bg3 Nh6 7. Nbd2 O-O 8. O-O Bxg3 9. hxg3 f5 10. c4 Rf6 11. Nh2 Bxe2 12. Qxe2 g5 13. cxd5 exd5 14. Nhf3 g4 15. Nh4 Ne7 16. Rac1 c6 17. b4 Qe8 18. a4 Nf7 19. b5 cxb5 20. axb5 Rb6 21. f3 Qxb5 22. Qxb5 Rxb5 23. fxg4 fxg4 24. Rf4 Nh6 25. Rc7 Ng6 26. Nxg6 hxg6 27. e4 Rf8 28. Rxf8+ Kxf8 29. exd5 Rxd5 30. Rxb7 Rxd4 31. Nb3 Rd1+ 32. Kf2 Rb1 33. Ke3 a6 34. Kf4 Nf7 35. Kxg4 Kg7 36. Kf4 Kh6 37. g4 Rb2 38. g3 Rb1 39. Ke3 Nd6 40. Rb6 Nc4+ 0-1

[Event "35. DSenEM 50+"]
[Site "Bad Wildungen"]
[Date "2023.07.18"]
[Round "2.19"]
[White "Sakkal, Cherin"]
[Black "Hafenstein, Andrea"]
[Result "1/2-1/2"]
[WhiteElo "1967"]
[BlackElo "1799"]
[PlyCount "38"]
[EventDate "2023.??.??"]
[WhiteTeam "SC Haar 1931"]
[BlackTeam "Rodewischer Schachmiezen"]

1. e4 d5 2. exd5 Qxd5 3. Nc3 Qa5 4. d4 c6 5. Nf3 g6 6. Bc4 Bg7 7. O-O Nf6 8. Bb3 e6 9. Ne5 O-O 10. Bf4 Nbd7 11. Nc4 Qd8 12. Qf3 Nb6 13. Nxb6 axb6 14. Rad1 Nd5 15. Be5 b5 16. Ne4 f6 17. Bg3 b6 18. h4 f5 19. Nc3 Bb7 1/2-1/2

[Event "35. DSenEM 50+"]
[Site "Bad Wildungen"]
[Date "2023.07.18"]
[Round "2.20"]
[White "Hoffmann, Michael"]
[Black "Rehbein, Ullrich"]
[Result "1-0"]
[WhiteElo "1942"]
[BlackElo "1768"]
[PlyCount "81"]
[EventDate "2023.??.??"]
[WhiteTeam "Gardez Robe"]
[BlackTeam "SAbt TG 1949 Wehlheiden"]

1. d4 Nf6 2. Nf3 c5 3. d5 g6 4. Nc3 Bg7 5. e4 d6 6. Bb5+ Bd7 7. a4 O-O 8. Bxd7 Nbxd7 9. O-O a6 10. Re1 c4 11. a5 b5 12. axb6 Qxb6 13. h3 Rfc8 14. Ra2 Ne8 15. Be3 Qb8 16. Nd4 Qb7 17. Bg5 Nef6 18. Nc6 Nb8 19. Na5 Qc7 20. Ra4 Nbd7 21. Nc6 Nb6 22. Ra2 e6 23. Bxf6 Bxf6 24. Qf3 Bg7 25. Nb4 a5 26. Nc6 Re8 27. Nb5 Qd7 28. Rd1 exd5 29. exd5 a4 30. c3 Rac8 31. Nba7 Ra8 32. Nb5 Rac8 33. Nbd4 Ra8 34. Raa1 Be5 35. Re1 Bg7 36. Kf1 Rxe1+ 37. Rxe1 a3 38. bxa3 Rxa3 39. Re7 Ra1+ 40. Ke2 Ra2+ 41. Kd1 1-0

[Event "35. DSenEM 50+"]
[Site "Bad Wildungen"]
[Date "2023.07.18"]
[Round "2.21"]
[White "Schmitt, Carsten"]
[Black "Brixius, Dirk"]
[Result "1-0"]
[WhiteElo "1875"]
[BlackElo "1748"]
[PlyCount "69"]
[EventDate "2023.??.??"]
[WhiteTeam "SV Bergwinkel"]
[BlackTeam "SF Essen-Werden 1924/80"]

1. c4 f5 2. g3 Nf6 3. Bg2 c6 4. Nf3 e6 5. O-O Be7 6. d3 d5 7. b3 O-O 8. Bb2 c5 9. e3 Nc6 10. Qe2 Qc7 11. Nc3 a6 12. cxd5 exd5 13. d4 Be6 14. Rac1 Ne4 15. dxc5 Nxc5 16. Nd4 f4 17. Nxe6 Nxe6 18. Nxd5 Qd6 19. Rfd1 f3 20. Bxf3 Ng5 21. Nf6+ Rxf6 22. Rxd6 Nxf3+ 23. Kg2 Rxd6 24. Qxf3 Rd2 25. Bc3 Rxa2 26. Qg4 g6 27. Qe6+ Kf8 28. Qd7 Rd8 29. Qxb7 Na5 30. Qb6 Rd5 31. Bb4 Bxb4 32. Qxb4+ Kf7 33. Rc7+ Kf6 34. Qe7+ Kf5 35. e4+ 1-0

[Event "35. DSenEM 50+"]
[Site "Bad Wildungen"]
[Date "2023.07.18"]
[Round "2.22"]
[White "Lebioda-Dette, Kordula"]
[Black "Arndt, Olaf"]
[Result "1/2-1/2"]
[WhiteElo "1701"]
[BlackElo "1871"]
[PlyCount "86"]
[EventDate "2023.??.??"]
[WhiteTeam "SF Essen-Werden 1924/80"]
[BlackTeam "Schachverein Horst-Emscher 31"]

1. e4 d5 2. exd5 Nf6 3. Nf3 Nxd5 4. Be2 Nc6 5. O-O e5 6. d3 Bc5 7. Bd2 O-O 8. Nc3 Re8 9. h3 Bf5 10. Re1 h6 11. Ne4 Bf8 12. a3 Nf4 13. Bf1 Nd5 14. Qc1 Nf6 15. Ng3 Bh7 16. Bc3 Qd5 17. Qd2 Nd4 18. Bxd4 exd4 19. Rxe8 Rxe8 20. Re1 Rxe1 21. Qxe1 Bd6 22. Nd2 Qe5 23. Qxe5 Bxe5 24. Ne2 c5 25. g3 b5 26. Bg2 Bf5 27. Nb3 Bd6 28. g4 Bd7 29. Nd2 Kf8 30. Ne4 Nxe4 31. Bxe4 Ke7 32. Kg2 f5 33. gxf5 Kf6 34. Ng3 Bxg3 35. fxg3 Bxf5 36. Bc6 b4 37. axb4 cxb4 38. Ba4 Ke5 39. g4 Be6 40. Kg3 g5 41. h4 Bd5 42. hxg5 hxg5 43. b3 Bb7 1/2-1/2

[Event "35. DSenEM 50+"]
[Site "Bad Wildungen"]
[Date "2023.07.18"]
[Round "2.23"]
[White "Stolzenwald, Frank"]
[Black "Birkholz, Axel"]
[Result "0-1"]
[WhiteElo "1285"]
[BlackElo "1843"]
[PlyCount "80"]
[EventDate "2023.??.??"]
[WhiteTeam "TSG Turn- und Sportgemeinschaft"]
[BlackTeam "SR Spaichingen"]

1. e4 c5 2. c4 Nc6 3. d3 g6 4. Bd2 Bg7 5. Bc3 e5 6. Nf3 Nge7 7. Nbd2 O-O 8. a3 a5 9. Nb3 d6 10. Be2 a4 11. Nc1 f5 12. Na2 Nd4 13. Nxd4 exd4 14. Bd2 Nc6 15. b4 fxe4 16. dxe4 d3 17. Bxd3 Bxa1 18. Qxa1 Qf6 19. O-O Qxa1 20. Rxa1 Ne5 21. Be2 Be6 22. Rc1 Nc6 23. Bc3 Rac8 24. b5 Nd4 25. Bf1 Rf7 26. Rd1 Rfc7 27. Ba5 Rd7 28. Bc3 Nxb5 29. cxb5 Bxa2 30. b6 d5 31. e5 d4 32. Ba5 Be6 33. f4 c4 34. Be2 Rc5 35. Bb4 Rb5 36. Bd6 d3 37. Bxd3 cxd3 38. Rxd3 Rxb6 39. Rd4 Rb1+ 40. Kf2 b5 0-1

[Event "35. DSenEM 50+"]
[Site "Bad Wildungen"]
[Date "2023.07.18"]
[Round "2.24"]
[White "Schaefer, Lutz"]
[Black "Gaul, Karl-Heinz"]
[Result "1-0"]
[WhiteElo "1841"]
[BlackElo "1535"]
[PlyCount "93"]
[EventDate "2023.??.??"]
[WhiteTeam "SV Vimbuch"]
[BlackTeam "SC Schwarz-Weiss Lichtenrade e.V"]

1. Nf3 d5 2. b3 c5 3. Bb2 Nc6 4. e3 Bg4 5. Qc1 Bxf3 6. gxf3 e5 7. d3 Qf6 8. Be2 Qg6 9. Nc3 d4 10. Nd5 O-O-O 11. c4 Nge7 12. e4 Qg2 13. Rf1 g6 14. h4 h5 15. Qg5 Qxg5 16. hxg5 Nxd5 17. cxd5 Nb4 18. Kd1 h4 19. a3 Na6 20. Rh1 Be7 21. Bc1 f5 22. f4 Bd6 23. fxe5 Bxe5 24. f4 Bg7 25. Bf3 Nc7 26. a4 a5 27. Ra2 Na6 28. Bd2 Nb4 29. Bxb4 axb4 30. e5 Bf8 31. a5 Kb8 32. a6 Rd7 33. axb7 Rxb7 34. d6 Ra7 35. Rhh2 Rhh7 36. Kc1 Ra3 37. Rxa3 bxa3 38. Kb1 c4 39. dxc4 Ra7 40. Rxh4 Bg7 41. Ka2 Kc8 42. c5 Ra5 43. c6 Rc5 44. Rh7 Bxe5 45. fxe5 Kb8 46. Rb7+ Ka8 47. d7 1-0

[Event "35. DSenEM 50+"]
[Site "Bad Wildungen"]
[Date "2023.07.19"]
[Round "3.1"]
[White "Metz, Hartmut"]
[Black "Schneider, Michael"]
[Result "1/2-1/2"]
[WhiteElo "2175"]
[BlackElo "2025"]
[Annotator "hugo5"]
[PlyCount "120"]
[EventDate "2023.??.??"]
[WhiteTeam "SG Rochade Kuppenheim 1979 e.V."]
[BlackTeam "SC Niefern-Oeschelbronn"]

{[%evp 0,109,19,21,34,13,3,-29,-17,-3,16,3,-3,2,62,29,40,38,38,22,20,17,25,18,39,35,34,21,29,38,22,25,56,59,96,91,111,27,75,78,63,70,71,63,71,71,63,85,62,74,67,58,104,73,83,73,76,120,131,138,138,146,159,159,156,159,185,181,142,132,131,133,125,142,150,139,165,165,223,175,187,200,615,340,711,328,342,224,234,193,214,199,179,161,163,137,131,121,118,95,95,91,81,77,44,18,7,5,5,4,4,3]} 1. e4 c5 2. c3 d5 3. exd5 Qxd5 4. Na3 Nf6 5. Nf3 Nc6 6. Bc4 Qd8 7. Nc2 e6 8. O-O Be7 9. d4 cxd4 10. Ncxd4 Nxd4 11. Nxd4 O-O 12. Qf3 Qc7 13. Bb3 a6 14. h3 Rd8 15. Bf4 Qa5 16. Rfe1 Nd5 17. Be5 Bf6 18. Bxd5 Bxe5 19. Rxe5 Rxd5 20. Qxd5 Qxd5 21. Rxd5 exd5 22. Re1 Bd7 23. Re5 Bc6 24. Re7 Kf8 25. Rc7 Rb8 26. Nxc6 bxc6 27. b3 Rb6 28. Kf1 a5 29. Ke2 a4 30. b4 d4 31. Kd3 dxc3 32. Kxc3 c5 33. bxc5 Rf6 34. f3 Rg6 35. c6 Ke8 36. Kb4 Rxg2 37. a3 g5 38. Kxa4 h5 39. Rd7 Rb2 40. Rd5 g4 41. fxg4 hxg4 42. hxg4 Ke7 43. Rd4 Rb6 44. Rc4 Kd8 45. c7+ Kc8 46. Ka5 Rg6 47. Kb4 Rg5 48. Rf4 f6 49. Rc4 f5 50. gxf5 Rxf5 51. a4 Rf7 52. Kb5 Rxc7 53. Rg4 Kb7 54. a5 Rh7 55. a6+ Ka7 56. Rg5 Rf7 57. Rc5 Rh7 58. Rc6 Rh5+ 59. Rc5 Rxc5+ 60. Kxc5 Kxa6 1/2-1/2

[Event "35. DSenEM 50+"]
[Site "Bad Wildungen"]
[Date "2023.07.19"]
[Round "3.2"]
[White "Willsch, Matthias"]
[Black "Zude, Arno"]
[Result "1/2-1/2"]
[WhiteElo "2097"]
[BlackElo "2348"]
[PlyCount "65"]
[EventDate "2023.??.??"]
[WhiteTeam "Preetzer TSV"]
[BlackTeam "SV 1920 Hofheim"]

1. d4 Nf6 2. Nf3 e6 3. e3 c5 4. Bd3 Nc6 5. O-O Be7 6. b3 O-O 7. Bb2 cxd4 8. exd4 b6 9. a3 Bb7 10. Qe2 Rc8 11. Nbd2 d5 12. Ne5 Nxe5 13. dxe5 Nd7 14. b4 a5 15. c3 d4 16. cxd4 axb4 17. axb4 Bxb4 18. Ne4 Re8 19. Ra7 Rb8 20. f4 f5 21. exf6 Nxf6 22. Nxf6+ Qxf6 23. d5 Qf7 24. dxe6 Bc5+ 25. Kh1 Rxe6 26. Be5 Rxe5 27. fxe5 Bxg2+ 28. Qxg2 Qxa7 29. Bxh7+ Kxh7 30. Qh3+ Kg8 31. Qe6+ Kh8 32. Qh3+ Kg8 33. Qe6+ 1/2-1/2